<?xml version="1.0" encoding="UTF-8"?>
<record
    xmlns:xsi="http://www.w3.org/2001/XMLSchema-instance"
    xsi:schemaLocation="http://www.loc.gov/MARC21/slim http://www.loc.gov/standards/marcxml/schema/MARC21slim.xsd"
    xmlns="http://www.loc.gov/MARC21/slim">

  <leader>01363nac a22003011u 4500</leader>
  <datafield tag="999" ind1=" " ind2=" ">
    <subfield code="c">8040</subfield>
    <subfield code="d">8040</subfield>
  </datafield>
  <controlfield tag="003">EG-ScBUE</controlfield>
  <controlfield tag="005">20200119115453.0</controlfield>
  <controlfield tag="008">120422s1972    ua     f b   000 0  ara d</controlfield>
  <datafield tag="040" ind1=" " ind2=" ">
    <subfield code="a">EG-ScBUE</subfield>
    <subfield code="b">ara</subfield>
    <subfield code="e">rda</subfield>
    <subfield code="c">EG-ScBUE</subfield>
    <subfield code="d">EG-ScBUE</subfield>
  </datafield>
  <datafield tag="041" ind1="1" ind2=" ">
    <subfield code="a">ara</subfield>
    <subfield code="h">fre</subfield>
  </datafield>
  <datafield tag="082" ind1="0" ind2="4">
    <subfield code="a">892.709</subfield>
    <subfield code="b">&#x645; &#x646; &#x62F;</subfield>
    <subfield code="2">22</subfield>
  </datafield>
  <datafield tag="100" ind1="1" ind2=" ">
    <subfield code="a">&#x645;&#x646;&#x62F;&#x648;&#x631;&#x60C; &#x645;&#x62D;&#x645;&#x62F;&#x60C;&#x200F;</subfield>
    <subfield code="d">1907-1965&#x60C;</subfield>
    <subfield code="e">&#x645;&#x624;&#x644;&#x641;.</subfield>
    <subfield code="9">29687</subfield>
  </datafield>
  <datafield tag="245" ind1="1" ind2="2">
    <subfield code="a">&#x627;&#x644;&#x646;&#x641;&#x62F; &#x627;&#x644;&#x645;&#x646;&#x647;&#x62C;&#x64A; &#x639;&#x646;&#x62F; &#x627;&#x644;&#x639;&#x631;&#x628; &#x648;&#x645;&#x646;&#x647;&#x62C; &#x627;&#x644;&#x628;&#x62D;&#x62B; &#x641;&#x64A; &#x627;&#x644;&#x623;&#x62F;&#x628; &#x648;&#x627;&#x644;&#x644;&#x63A;&#x629; /</subfield>
    <subfield code="c">&#x627;&#x644;&#x62F;&#x643;&#x62A;&#x648;&#x631; &#x645;&#x62D;&#x645;&#x62F; &#x645;&#x646;&#x62F;&#x648;&#x631; &#x61B; &#x645;&#x62A;&#x631;&#x62C;&#x645; &#x639;&#x646; &#x627;&#x644;&#x623;&#x633;&#x62A;&#x627;&#x630;&#x64A;&#x646; &#x644;&#x627;&#x646;&#x633;&#x648;&#x646;&#x60C; &#x645;&#x627;&#x64A;&#x64A;&#x647;.</subfield>
  </datafield>
  <datafield tag="264" ind1=" " ind2="1">
    <subfield code="a">&#x627;&#x644;&#x642;&#x627;&#x647;&#x631;&#x629; :</subfield>
    <subfield code="b">&#x62F;&#x627;&#x631; &#x646;&#x647;&#x636;&#x629; &#x645;&#x635;&#x631; &#x644;&#x644;&#x637;&#x628;&#x639; &#x648;&#x627;&#x644;&#x646;&#x634;&#x631;&#x60C;</subfield>
    <subfield code="c">[1972]</subfield>
  </datafield>
  <datafield tag="300" ind1=" " ind2=" ">
    <subfield code="a">477 &#x635;&#x641;&#x62D;&#x629; &#x61B;</subfield>
    <subfield code="c">22 &#x633;&#x645;</subfield>
  </datafield>
  <datafield tag="336" ind1=" " ind2=" ">
    <subfield code="2">rdacontent</subfield>
    <subfield code="a">&#x646;&#x635;</subfield>
    <subfield code="b">txt</subfield>
  </datafield>
  <datafield tag="337" ind1=" " ind2=" ">
    <subfield code="2">rdamedia</subfield>
    <subfield code="a">&#x628;&#x62F;&#x648;&#x646; &#x648;&#x633;&#x64A;&#x637;</subfield>
    <subfield code="b">n</subfield>
  </datafield>
  <datafield tag="338" ind1=" " ind2=" ">
    <subfield code="2">rdacarrier</subfield>
    <subfield code="a">&#x645;&#x62C;&#x644;&#x62F;</subfield>
    <subfield code="b">nc</subfield>
  </datafield>
  <datafield tag="504" ind1=" " ind2=" ">
    <subfield code="a">&#x64A;&#x634;&#x62A;&#x645;&#x644; &#x639;&#x644;&#x649; &#x625;&#x631;&#x62C;&#x627;&#x639;&#x627;&#x62A; &#x628;&#x628;&#x644;&#x64A;&#x648;&#x62C;&#x631;&#x627;&#x641;&#x64A;&#x629;.</subfield>
  </datafield>
  <datafield tag="546" ind1=" " ind2=" ">
    <subfield code="a">&#x627;&#x644;&#x646;&#x635; &#x628;&#x627;&#x644;&#x644;&#x63A;&#x629; &#x627;&#x644;&#x639;&#x631;&#x628;&#x64A;&#x629; &#x648;&#x62A;&#x645; &#x62A;&#x631;&#x62C;&#x645;&#x62A;&#x647; &#x645;&#x646; &#x627;&#x644;&#x644;&#x63A;&#x629; &#x627;&#x644;&#x641;&#x631;&#x646;&#x633;&#x64A;&#x629;.</subfield>
  </datafield>
  <datafield tag="590" ind1=" " ind2=" ">
    <subfield code="a">&#x627;&#x64A;&#x645;&#x627;&#x646; &#x643;&#x627;&#x645;&#x644;</subfield>
  </datafield>
  <datafield tag="650" ind1=" " ind2="7">
    <subfield code="a">&#x627;&#x644;&#x623;&#x62F;&#x628; &#x627;&#x644;&#x639;&#x631;&#x628;&#x64A;</subfield>
    <subfield code="x">&#x62A;&#x627;&#x631;&#x64A;&#x62E; &#x648;&#x646;&#x642;&#x62F;.</subfield>
    <subfield code="2">BUEsh</subfield>
    <subfield code="9">13631</subfield>
  </datafield>
  <datafield tag="653" ind1=" " ind2=" ">
    <subfield code="c">April2012</subfield>
    <subfield code="b">ARALIT</subfield>
  </datafield>
  <datafield tag="655" ind1=" " ind2=" ">
    <subfield code="v">Reading book</subfield>
  </datafield>
  <datafield tag="700" ind1="1" ind2=" ">
    <subfield code="a">&#x644;&#x627;&#x646;&#x633;&#x648;&#x646;&#x60C; &#x62C;&#x648;&#x633;&#x62A;&#x627;&#x641;&#x60C;&#x200F;</subfield>
    <subfield code="d">1857-1934&#x60C;</subfield>
    <subfield code="e">&#x645;&#x62A;&#x631;&#x62C;&#x645;.</subfield>
    <subfield code="9">29688</subfield>
  </datafield>
  <datafield tag="700" ind1="1" ind2=" ">
    <subfield code="a">&#x645;&#x627;&#x64A;&#x64A;&#x647;&#x60C; &#x623;&#x646;&#x637;&#x648;&#x627;&#x646;&#x60C;</subfield>
    <subfield code="e">&#x645;&#x62A;&#x631;&#x62C;&#x645;.</subfield>
    <subfield code="9">29689</subfield>
  </datafield>
  <datafield tag="942" ind1=" " ind2=" ">
    <subfield code="c">BB</subfield>
    <subfield code="k">892.709 &#x645; &#x646; &#x62F;</subfield>
    <subfield code="2">ddc</subfield>
  </datafield>
  <datafield tag="952" ind1=" " ind2=" ">
    <subfield code="0">0</subfield>
    <subfield code="1">0</subfield>
    <subfield code="2">ddc</subfield>
    <subfield code="4">0</subfield>
    <subfield code="7">0</subfield>
    <subfield code="8">Alef-Baa</subfield>
    <subfield code="a">MAIN</subfield>
    <subfield code="b">MAIN</subfield>
    <subfield code="c">2ND</subfield>
    <subfield code="d">2008-02-19</subfield>
    <subfield code="e">Purchase</subfield>
    <subfield code="o">892.709  &#x645; &#x646; &#x62F;</subfield>
    <subfield code="p">000009826</subfield>
    <subfield code="r">2025-07-15 00:00:00</subfield>
    <subfield code="y">BB</subfield>
  </datafield>
</record>
